| 000 | 00656cam a2200217 a 4500 | ||
|---|---|---|---|
| 020 | _a1402027966 (cased) | ||
| 020 | _a9781402027963 (cased) | ||
| 020 | _a1402027974 (ebook) | ||
| 020 | _a9781402027970 (ebook) | ||
| 040 | _cUKM | ||
| 082 | 0 | 4 | _a379 AUS 1986 C159 Or. |
| 245 | 0 | 0 | _aAccreditation and evaluation in the European higher education area / |
| 300 |
_axii, 493 pages : _billustrations ; _c25 cm |
||
| 490 | 1 | _aHigher education dynamics ; | |
| 650 | 0 | _aUniversities and colleges | |
| 650 | 0 | _aUniversities and colleges | |
| 650 | 0 | _aEducation, Higher | |
| 700 | 1 | _aSchwarz, Stefanie | |
| 700 | 1 | _aWesterheijden, Don F | |
| 942 | _cAEDBB | ||
| 999 |
_c19044 _d19044 |
||